县级行政区知识问答#8 虎丘区 Huqiu Multiple-choice - Statistics

General Stats
  • This quiz has been taken 15 times
    14 since last reset
  • The average score is 7 of 10
Answer Stats
Question Answer % Correct
虎丘区隶属于哪个地级市? 苏州市
100%
下列哪处建筑因地基岩土差异导致塔体持续倾斜,被建筑学家称为“中国的比萨斜塔”? 虎丘塔
90%
虎丘区“白马涧龙池景区”的历史渊源是? 吴国养马场
90%
虎丘区境内最大的湖泊是? 太湖
90%
虎丘区现代农业园主要发展的特色产业是? 茶叶生产
70%
虎丘区传统手工艺“苏绣”被列入哪一级非物质文化遗产名录? 国家级
60%
虎丘区“石湖景区”中的“行春桥”以哪种自然现象闻名? 串月奇观
60%
虎丘区“苏州乐园森林水世界”位于哪座山麓? 大阳山
50%
虎丘区“缂丝”工艺的最大特点是? 通经断纬
30%
虎丘区“树山村”最具代表性的特产是什么? 翠冠梨
20%
No matching quizzes found
Score Distribution
Percent of People with Each Score
Percentile by Number Answered
Your Score History
You have not taken this quiz since the last reset